000 00946cam a2200277 i 4500
001 20618554
003 OSt
005 20230907143909.0
006 m |o d |
007 cr_|||||||||||
008 180807s2018 enk ob 001 0 eng
010 _a 2018037754
020 _a9781032050119
040 _aDLC
_beng
_erda
_cDLC
_dDLC
042 _apcc
050 0 0 _aPN56.E265
082 0 0 _a809.93353
_bVAK/R
245 0 0 _aThe Routledge Handbook of ecofeminism and Literature
_b/
_cedited by Douglas A. Vakoch
264 1 _aLondon ;
_aNew York :
_bRoutledge,
_c2023.
300 _a557 p
650 0 _aEcofeminism in literature.
650 0 _aFeminist literary criticism.
700 1 _aVakoch, Douglas A.
_eeditor.
_99445
776 0 8 _iPrint version:
_tLiterature and ecofeminism
_dLondon ; New York : Routledge, 2018
_z9780815381723
_w(DLC) 2017047013
942 _2ddc
_cBK
_h809.93353
_iVAK/R
_k809.93353
_mVAK/R
999 _c42150
_d42150